=LDR 00000nam 2200000 4500 =001 INLIS000000000026491 =005 20130612124930 =008 ***********************************Ind** =035 ##$$0010-061300000026491 =041 ##$$a Ind =082 ##$$a 028.5 =090 ##$$a 028.5, Yus k =100 ##$$a Yusuf, Abdul Tawwab =245 ##$$a Kisah uang dinar, Abdul Tawwab Yusuf =260 ##$$a 2003 $b Jakarta =300 ##$$a 18 hlm, 25 cm =650 ##$$a Bacaan anak anak =850 ##$$a NBPNMAT